Borussia Mönchengladbach players (2010-2020) - Statistics

General Stats
  • This quiz has been taken 12 times
  • The average score is 53 of 87
Answer Stats
Rank Player Positions Nationality Matches Goals (assists) Period % Correct
32 Andreas Christensen CB 62 5 (1) 2015-2017
100%
48 Breel Embolo ST 28 8 (8) 2019-2020
100%
38 Dante CB 51 2 (0) 2010-2012
100%
15 Fabian Johnson LM 105 12 (13) 2014-2020
100%
10 Lars Stindl AM 137 36 (25) 2015-2020
100%
14 Marc-André ter Stegen GK 108 0 (0) 2010-2014
100%
20 Matthias Ginter CB 92 8 (4) 2017-2020
100%
9 Nico Elvedi CB 141 5 (6) 2015-2020
100%
2 Oscar Wendt LB 222 15 (17) 2011-2020
100%
1 Patrick Herrmann RW 259 45 (47) 2010-2020
100%
5 Raffael CF 164 57 (23) 2013-2020
100%
53 Ramy Bensebaini LB 19 5 (4) 2019-2020
100%
47 Stefan Lainer RB 31 1 (3) 2019-2020
100%
8 Thorgan Hazard AM, LW 147 31 (35) 2014-2019
100%
4 Yann Sommer GK 198 0 (0) 2014-2020
100%
34 Alassane Pléa ST 61 22 (14) 2018-2020
91%
6 Christoph Kramer DM 154 10 (8) 2013-2015, 2016-2020
91%
21 Denis Zakaria DM 84 8 (6) 2017-2020
91%
19 Ibrahima Traoré LW 92 6 (13) 2014-2020
91%
28 Jannik Vestergaard CB 66 7 (1) 2016-2018
91%
11 Juan Arango LM 121 23 (39) 2010-2014
91%
41 Luuk de Jong ST 36 6 (2) 2012-2014
91%
22 Álvaro Domínguez CB 81 3 (4) 2012-2016
82%
17 Filip Daems LB 99 10 (1) 2010-2014
82%
13 Granit Xhaka DM 108 6 (3) 2012-2016
82%
16 Jonas Hofmann AM 103 10 (14) 2015-2020
82%
24 Julian Korb RB 76 1 (2) 2011-2012, 2013-2017
82%
35 Mahmoud Dahoud CM 61 7 (15) 2014-2017
82%
31 Marco Reus AM 64 28 (21) 2010-2012
82%
46 Marcus Thuram ST 31 10 (8) 2019-2020
82%
12 Martin Stranzl CB 118 8 (1) 2010-2016
82%
18 Roel Brouwers CB 97 3 (3) 2010-2016
82%
69 Tobias Sippel GK 7 0 (0) 2015-2016, 2017-2018
82%
56 Vincenzo Grifo LW 17 0 (4) 2017-2018
82%
26 Branimir Hrgota ST 69 7 (4) 2012-2016
73%
7 Håvard Nordtveit DM 152 10 (9) 2010-2016
73%
36 Igor de Camargo ST 58 14 (3) 2010-2013
73%
39 Josip Drmic ST 43 7 (3) 2015-2019
73%
44 László Bénes CM 33 1 (4) 2016-2020
73%
76 Mamadou Doucouré CB 2 0 (0) 2019-2020
73%
29 Max Kruse CF 66 23 (20) 2013-2015
73%
55 Michael Lang RB 17 1 (0) 2018-2019
73%
40 Raúl Bobadilla ST 42 4 (5) 2010-2012, 2017-2018
73%
3 Tony Jantschke RB 214 4 (6) 2010-2020
73%
27 André Hahn RW 68 14 (5) 2014-2017
64%
33 Florian Neuhaus CM 62 7 (11) 2018-2020
64%
57 Logan Bailly GK 15 0 (0) 2010-2011
64%
42 Michaël Cuisance CM 35 0 (3) 2017-2019
64%
23 Mike Hanke ST 77 13 (12) 2010-2013
64%
45 Mohamadou Idrissou ST 33 5 (2) 2010-2011
64%
68 Reece Oxford CB 7 0 (0) 2017-2018
64%
37 Roman Neustädter CB 57 1 (1) 2010-2012
64%
30 Tobias Strobl DM 66 0 (7) 2016-2020
64%
25 Thorben Marx DM 71 3 (4) 2010-2014
55%
59 Christofer Heimeroth GK 14 0 (0) 2010-2011, 2012-2013
45%
54 Karim Matmour RW 18 0 (1) 2010-2011
45%
52 Michael Bradley CM 19 3 (3) 2010-2011
45%
58 Alexander Ring CM 14 0 (0) 2011-2013
36%
75 Joshua King ST 2 0 (0) 2011-2012
36%
81 Julio Villalba ST 1 0 (0) 2017-2018
36%
65 Martin Hinteregger CB 10 0 (0) 2015-2016
36%
67 Marvin Schulz DM 8 0 (1) 2015-2016
36%
66 Mathew Leckie LW 9 0 (0) 2011-2012
36%
62 Nico Schulz LB 13 1 (2) 2015-2017
36%
50 Peniel Mlapa ST 25 3 (1) 2012-2014
36%
51 Tobias Levels RB 22 0 (1) 2010-2011
36%
60 Tolga Ciğerci DM 14 0 (0) 2011-2013
36%
83 Mandela Egbo RB 1 0 (0) 2017-2018
27%
73 Yuki Otsu AM 3 0 (0) 2011-2012
27%
61 Bamba Anderson CB 13 0 (0) 2010-2011
18%
74 Elias Kachunga ST 2 0 (0) 2010-2011
18%
80 Florian Mayer CB 1 0 (0) 2017-2018
18%
64 Jordan Beyer CB 12 0 (0) 2018-2020
18%
82 Keanan Bennetts LM 1 0 (0) 2019-2020
18%
84 Marcel Benger DM 1 0 (0) 2017-2018
18%
86 Timothée Kolodziejczak CB 1 0 (0) 2016-2017
18%
87 Torben Müsel AM 1 0 (0) 2019-2020
18%
49 Amin Younes LW 26 1 (2) 2011-2014
9%
78 Ba-Muaka Simakala CF 1 0 (0) 2016-2017
9%
79 Djibril Sow CM 1 0 (0) 2016-2017
9%
71 Jan-Ingwer Callsen-Bracker CB 4 0 (0) 2010-2011
9%
72 Jens Wissing LB 3 0 (0) 2010-2011
9%
43 Lukas Rupp CM 34 0 (1) 2011-2014
9%
77 Marcel Meeuwis DM 2 0 (0) 2010-2011
9%
85 Matthias Zimmermann RB 1 0 (0) 2011-2012
9%
70 Michael Fink CB 6 0 (0) 2010-2011
9%
63 Sebastian Schachten RB 13 0 (0) 2010-2011
9%
No matching quizzes found
Score Distribution
Percent of People with Each Score
Percentile by Number Answered
Your Score History
You have not taken this quiz